000 00516nam a2200193Ia 4500
005 20260120130403.0
008 008 260114s9999 xx 000 0 eng d
020 _a9780191711411
037 _aEBOOK
040 _aCRL
_beng
_cCRL
041 _aeng
_2eng
084 _qCRL
100 _aSosa
_9914395
245 2 _aA Virtue Epistemology
260 _bOxford University PressOxford University Press
_c2007
856 _uhttps://academic.oup.com/book/32531
942 _cEBOOK
999 _c1506299
_d1506299